| 000 | 00825cam a2200265 a 4500 | ||
|---|---|---|---|
| 001 | 3143 | ||
| 005 | 20250829142909.0 | ||
| 020 | _a9780439921855 | ||
| 040 |
_aDLC _cDLC _dDLC _beng |
||
| 050 | 0 | 0 |
_aPZ7.R1814 _b 1993 |
| 082 | 0 | 0 | _a808.068 |
| 100 | 1 | _aRaschka, Christopher | |
| 245 | 1 | 0 |
_aYo! Yes? / _cby Raschka, Christopher |
| 260 |
_aNew York : _bScholastic , _c1993 |
||
| 300 |
_a30 unnumbered pages : _bcolor illustrations ; _c29 cm. |
||
| 505 | _aB | ||
| 520 | _aTwo lonely characters, one black and one white, meet on the street and become friends. | ||
| 521 |
_a40
_bLexile |
||
| 521 |
_aB
_bRaz-Plus |
||
| 650 | 1 |
_aFriendship _vFiction. |
|
| 650 | 1 |
_aRace relations _vFiction. |
|
| 650 | 1 |
_aAfrican Americans _vFiction. |
|
| 906 |
_a7 _bcbc _corignew _d1 _eocip _f19 _gy-gencatlg |
||
| 942 |
_2ddc _cBK _n0 |
||
| 999 |
_c3143 _d3143 |
||